LEADER 01940nam a2200313 u 4500 001 000000006831 003 CaOOAMICUS 005 20140108102001.0 008 940514s1974 fr acf u000 u fre u 035 $a10177921 040 $aEFR$bita 041 0 $afre$aeng$ager$aita$aspa 082 $a909/.1 130 0 $aÉtudes de civilisation médiévale (IXe-XIIe siècles) : mélanges offerts à Edmond-René Labande ... à l'occasion de son départ à la retraite et du XXe anniversaire du C.É.S.C.M. par ses amis, ses collègues, ses élèves$g[Spogli].$0(OLS)http://pul/title/10028 245 10$aÉtudes de civilisation médiévale (IXe-XIIe siècles) :$bmélanges offerts à Edmond-René Labande ... à l'occasion de son départ à la retraite et du XXe anniversaire du C.É.S.C.M. par ses amis, ses collègues, ses élèves. 260 $aPoitiers :$bC.É.S.C.M.,$c[1974?] 300 $axxvii, 770 p., [30] leaves of plates (2 fold.) :$bill., portr. ;$c24 cm 500 $aEnglish, French, German, Italian, and Spanish texts. 504 $aBibliografia d'Edmond-René Labande p. xix-xxvii. 600 14$aLabande, Edmond-René,$d1908-$0(OLS)http://pul/subject/6078 650 0$aCivilization, Medieval.$0(OLS)http://pul/subject/3338 700 1 $aLabande, Edmond-René,$d1908-$0(OLS)http://pul/name/1222 850 $aPUL 852 $aPUL$W1$xSL Diritto e Scienze Sociali 1$y4$m208 A 12$j9643$nBK-PRI$qStampati$B9643$CPULBib$Z2$F9643 $H41023 $81 941 1 $a8 961 $aINV: 41023 996 $6082$a909/.1$9(OLS)http://pul/classification/164 996 $6245$aÉtudes de civilisation médiévale (IXe-XIIe siècles) :$bmélanges offerts à Edmond-René Labande ... à l'occasion de son départ à la retraite et du XXe anniversaire du C.É.S.C.M. par ses amis, ses collègues, ses élèves$9(OLS)http://pul/title/10029 996 $6260$aPoitiers :$bC.É.S.C.M.$9(OLS)http://pul/publisher/51465 LEADER 01542nam a2200349 a 4500 001 000000133400 003 CaOOAMICUS 005 20130408112418.0 008 130408m20119999it u000 u ita r 020 $a88-14-15098-2 (v. 1) 040 $aPUL$bita 082 04$a346.4505 245 00$aCodice delle successioni e donazioni /$ca cura di Michele Sesta ; con il coordinamento di Stefano Canestrari ... [et al.]. 260 $aMilano :$bGiuffrè,$c©2011- 300 $av. ;$c25 cm 490 1 $aLe fonti del diritto italiano 504 $aBibliografia in nota. 505 1 $aV. 1. Costituzione e quattro codici. 650 4$aSuccessione (diritto)$vManuali, trattati.$0(OLS)http://pul/subject/35632 700 1 $aSesta, Michele.$0(OLS)http://pul/name/39038 700 1 $aCanestrari, Stefano.$0(OLS)http://pul/name/59415 740 02$aCostituzione e quattro codici. 830 3$aLe fonti del diritto italiano.$0(OLS)http://pul/title/104091 850 $aPUL 852 $aPUL$W1$xSL Diritto e Scienze Sociali 3$y79$m346. 4505 SESMI 1.1$j153312$av. 1$qDDC 21$B152871$CPULBib$Z2$F152871 $H122099 $82 941 1 $a9 996 $6020$a88-14-15098-2 (v. 1)$9(OLS)http://pul/number/152289 996 $6082$a346.4505$9(OLS)http://pul/classification/1795 996 $6245$aCodice delle successioni e donazioni$9(OLS)http://pul/title/168575 996 $6740$aCostituzione e quattro codici$9(OLS)http://pul/title/168576 996 $6260$aMilano :$bGiuffrè$9(OLS)http://pul/publisher/48401